[Event "Montreal McGill op"]
[Site "Montreal"]
[Date "2013.05.05"]
[Round "5"]
[White "Masse, Hugues"]
[Black "Marcaida, Ren Lionel"]
[Result "0-1"]
[WhiteElo "2264"]
[BlackElo "2046"]
[PlyCount "88"]
[EventDate "2013.05.03"]
[EventType "swiss"]
[EventRounds "5"]
[EventCountry "CAN"]
[SourceTitle "EXT 2014"]
[Source "ChessBase"]
[SourceDate "2013.11.20"]
[SourceVersion "1"]
[SourceVersionDate "2013.11.20"]
[SourceQuality "1"]

1. d4 Nf6 2. c4 g6 3. g3 Bg7 4. Bg2 0-0 5. Nc3 d6 6. Nf3 Nc6 7. 0-0 a6 8. Qd3 Rb8 9. d5 Nb4 10. Qd1 a5 11. e4 c6 12. a3 Na6 13. Re1 e5 14. Rb1 cxd5 15. cxd5 b5 16. b4 a4 17. Qd3 Bd7 18. Bd2 Qb6 19. Be3 Qb7 20. Bf1 Nc7 21. Bg5 h6 22. Bxf6 Bxf6 23. Rbc1 Bd8 24. Nd2 Ne8 25. Bg2 Bb6 26. Rf1 h5 27. Kh1 Bd8 28. f4 h4 29. f5 Nf6 30. Bf3 hxg3 31. hxg3 Kg7 32. Kg2 Rh8 33. Rh1 Qb6 34. Rxh8 Kxh8 35. g4 Nh7 36. Nf1 Bg5 37. Rc2 Rc8 38. Bd1 Nf6 39. Ng3 Rc4 40. Nce2 Nxg4 41. Kf3 gxf5 42. Nc3 Qg1 43. Nf1 Rxc3 44. Rxc3 Qf2# 0-1

[Event "Montreal McGill op"]
[Site "Montreal"]
[Date "2013.05.05"]
[Round "2"]
[White "Zhang, Yuanchen"]
[Black "Marcaida, Ren Lionel"]
[Result "1-0"]
[WhiteElo "2210"]
[BlackElo "2046"]
[PlyCount "83"]
[EventDate "2013.05.03"]
[EventType "swiss"]
[EventRounds "5"]
[EventCountry "CAN"]
[SourceTitle "EXT 2014"]
[Source "ChessBase"]
[SourceDate "2013.11.20"]
[SourceVersion "1"]
[SourceVersionDate "2013.11.20"]
[SourceQuality "1"]

1. d4 Nf6 2. c4 g6 3. Nc3 Bg7 4. e4 0-0 5. Nf3 d6 6. Be2 Qe8 7. 0-0 e5 8. dxe5 dxe5 9. Be3 Na6 10. h3 Nd7 11. Rc1 f5 12. c5 Ndxc5 13. Nd5 Ne6 14. Bxa6 bxa6 15. Ng5 Rb8 16. Nxc7 Nxc7 17. Rxc7 h6 18. Qd5+ Kh8 19. Nf7+ Kh7 20. Nxe5 Be6 21. Qc5 Rc8 22. Bd4 Rxc7 23. Qxc7 Qc8 24. Qxa7 fxe4 25. Re1 Bd5 26. Qe7 Re8 27. Qa7 Qb7 28. Qxb7 Bxb7 29. Rc1 Re7 30. Rc5 g5 31. Nc6 Bxc6 32. Bxg7 Bb7 33. Be5 Rd7 34. Kf1 Kg6 35. Bc3 h5 36. Ke2 g4 37. h4 Bd5 38. a3 Rd6 39. Ke3 g3 40. fxg3 Kf5 41. Ra5 Ke6 42. Kf4 1-0

[Event "Montreal McGill op"]
[Site "Montreal"]
[Date "2013.05.03"]
[Round "1"]
[White "Marcaida, Ren Lionel"]
[Black "Chabot, Roland"]
[Result "1/2-1/2"]
[WhiteElo "2046"]
[BlackElo "2254"]
[PlyCount "49"]
[EventDate "2013.05.03"]
[EventType "swiss"]
[EventRounds "5"]
[EventCountry "CAN"]
[SourceTitle "EXT 2014"]
[Source "ChessBase"]
[SourceDate "2013.11.20"]
[SourceVersion "1"]
[SourceVersionDate "2013.11.20"]
[SourceQuality "1"]

1. d4 d6 2. c4 e5 3. d5 Nf6 4. Nc3 Be7 5. e4 Nbd7 6. Nf3 Nc5 7. Nd2 a5 8. Be2 c6 9. 0-0 0-0 10. Qc2 a4 11. Rb1 Bd7 12. b4 axb3 13. axb3 cxd5 14. cxd5 Qb8 15. b4 Na4 16. Nxa4 Bxa4 17. Qd3 Rc8 18. Nb3 Qc7 19. Bd2 Qc2 20. Rfc1 Qxd3 21. Bxd3 Bxb3 22. Rxc8+ Rxc8 23. Rxb3 Bd8 24. Ra3 Bb6 25. h3 1/2-1/2